00893cam a22002651i 4500001001300000003000400013005001700017008004100034010001700075035002700092040002900119050001500148066000700163100002500170245007700195260006100272300003400333650003900367700002600406880002600432880007100458880005500529880002600584999001700610c 67001380 DLC20260227111036.0030731s1961 cc a 000 0 chi  ac 67001380  a(CStRLIN)DCLP03-B10874 aDLC-RcDLC-RdDLC-RdDLC00aQC32b.H77 c$11 6880-01aXin, Peizhi.106880-02aZen yang jie da wu li xi ti /cXin Peizhi, Li Jingchun bian zhu. 6880-03aShanghai :bShanghai jiao yu chu ban she,c1961. a2, 247 p. :billus. ;c21 cm. 0aPhysicsvProblems, exercises, etc.1 6880-04aLi, Jingchun.1 6100-01/$1a辛培之.106245-02/$1a怎样解答物理习题 /c辛培之, 李景春编著. 6260-03/$1a上海 :b上海教育出版社,c1961.1 6700-04/$1a李景春. c12935d12935